| 000 | 00620cab a22001935a 4500 | ||
|---|---|---|---|
| 001 | L155087 | ||
| 008 | 120228e20120708xxk 000 0 eng d | ||
| 035 | _a(Sirsi) u155087 | ||
| 041 | 0 | _aeng | |
| 100 | 1 | _aWright, Emily | |
| 245 | 0 | 0 | _aRedefining Qatar |
| 260 | _c2012 | ||
| 490 |
_aBuilding _v277(8716) 24 February 2012, 22-25(4) |
||
| 520 | _aExamines the opportunities for UK firms in Qatar as the richest country in the world invests in construction before 2015; 2022 World Cup; challenges; cultural differences. | ||
| 590 | _aKA | ||
| 651 | 4 | _aQatar | |
| 690 |
_aConstruction management _96230 |
||
| 942 | _n0 | ||
| 999 |
_c83809 _d83809 |
||